| 000 | 00000nam 2200000zi 4500 |
| 001 | 9.917707 |
| 003 | CaOODSP |
| 005 | 20230612110237 |
| 006 | m o d f |
| 007 | cr mn||||||||| |
| 008 | 221125t20222023onc ob f000 0 fre d |
| 020 | |a9780660464312 |
| 020 | |z9780660333052 |q(incorrect) |
| 040 | |aCaOODSP|bfre|erda|cCaOODSP |
| 043 | |an-cn--- |
| 086 | 1 |aH164-291/1-2022F-PDF |
| 245 | 00|aLigne directrice : |blogiciels à titre d'instruments médicaux : exemples de classification. |
| 264 | 1|aOttawa (Ontario) : |bSanté Canada = Health Canada, |cnovembre 2022. |
| 264 | 4|c©2023 |
| 300 | |a1 ressource en ligne (15 pages) |
| 336 | |atexte|btxt|2rdacontent/fre |
| 337 | |ainformatique|bc|2rdamedia/fre |
| 338 | |aressource en ligne|bcr|2rdacarrier/fre |
| 500 | |aPublié aussi en anglais sous le titre : Guidance document : software as a medical device (SaMD) : classification examples. |
| 500 | |a« Date d'adoption : 2019/10/03; Date d'entrée en vigueur : 2019/12/18; Date de mise à jour : 2022/11/15. » |
| 500 | |a« Pub. : 190470. » |
| 504 | |aComprend des références bibliographiques. |
| 650 | 6|aMeĢdecine|xAppareils et instruments|xPolitique gouvernementale|zCanada. |
| 710 | 1 |aCanada. |bSanté Canada, |eorganisme de publication. |
| 775 | 08|tGuidance document : |w(CaOODSP)9.917706 |
| 795 | |tLigne directrices : |w(CaOODSP)9.882299 |
| 856 | 40|qPDF|s1.39 Mo|uhttps://publications.gc.ca/collections/collection_2023/sc-hc/H164-291-1-2022-fra.pdf |
| 856 | 4 |qHTML|sS.O.|uhttps://www.canada.ca/fr/sante-canada/services/medicaments-produits-sante/instruments-medicaux/information-demandes/lignes-directrices/logiciels-titre-instruments-medicaux-ligne-directrice-document/exemples.html |